| 000 | 01101nac a22002291u 4500 | ||
|---|---|---|---|
| 008 | 100914t xxu||||| |||| 00| 0 eng d | ||
| 010 | _a 94006976 | ||
| 020 | _a0070358761 | ||
| 082 | 0 | 0 |
_a628.44068 _bHAN |
| 100 |
_a20080729 _919023 |
||
| 245 | 0 | 0 |
_aHandbook of Solid Waste Management / _cFrank Kreith, editor in chief. |
| 260 |
_aNew York : _bMcGraw-Hill,1994 _cc1994. |
||
| 300 |
_a1 v. (various pagings) : _bill. ; _c24 cm. |
||
| 504 | _aIncludes bibliographical references and index. | ||
| 650 | 0 |
_aRefuse and refuse disposal. _919024 |
|
| 700 | 1 |
_aKreith, Frank. _919025 |
|
| 856 | 4 | 2 |
_3Publisher description _uhttp://www.loc.gov/catdir/description/mh022/94006976.html |
| 856 | 4 | 2 |
_3Table of contents only _uhttp://www.loc.gov/catdir/toc/mh022/94006976.html |
| 856 | 4 | 2 |
_3Contributor biographical information _uhttp://www.loc.gov/catdir/enhancements/fy0602/94006976-b.html |
| 942 |
_cBB _k628.44068HAN _2ddc |
||
| 999 |
_c3821 _d3821 |
||